| Поле | Название | Значение |
| |
Тип записи |
a |
| |
Библиографический уровень |
m |
| 001 |
Контрольный номер |
45779305234c433499be5438a15ef972 |
| 005 |
Дата корректировки |
20140618092112.7 |
| 010 |
Индекс ISBN |
__ |
| a |
ISBN |
5-282-02338-5 |
| 200 |
Заглавие и сведения об ответственности |
1_ |
| a |
Заглавие |
Экономика и банковская система региона |
| e |
Сведения, относящиеся к заглавию |
[монография] |
| f |
Первые сведения об ответственности |
Сергей Орлов;Рос.акад.наук,Урал.отд-ние,Ин-т экономики |
| 210 |
Выходные данные |
1_ |
| a |
Место издания |
М. |
| c |
Издательство |
Экономика |
| d |
Дата издания |
2004 |
| 215 |
Физическое описание |
__ |
| a |
Объем |
301 с. |
| 610 |
Ключевые слова |
0_ |
| a |
Ключевые слова |
монография |
| 610 |
Ключевые слова |
0_ |
| a |
Ключевые слова |
экономика |
| 610 |
Ключевые слова |
0_ |
| a |
Ключевые слова |
банковская система |
| 610 |
Ключевые слова |
0_ |
| a |
Ключевые слова |
региональная экономика |
| 610 |
Ключевые слова |
0_ |
| a |
Ключевые слова |
региональное развитие |
| 610 |
Ключевые слова |
0_ |
| a |
Ключевые слова |
региональные банки |
| 610 |
Ключевые слова |
0_ |
| a |
Ключевые слова |
региональные займы |
| 610 |
Ключевые слова |
0_ |
| a |
Ключевые слова |
региональные налоги |
| 610 |
Ключевые слова |
0_ |
| a |
Ключевые слова |
региональные особенности |
| 610 |
Ключевые слова |
0_ |
| a |
Ключевые слова |
региональный анализ |
| 610 |
Ключевые слова |
0_ |
| a |
Ключевые слова |
региональный бюджет |
| 610 |
Ключевые слова |
0_ |
| a |
Ключевые слова |
банки |
| 610 |
Ключевые слова |
0_ |
| a |
Ключевые слова |
банковская деятельность |
| 610 |
Ключевые слова |
0_ |
| a |
Ключевые слова |
банковская система |
| 610 |
Ключевые слова |
0_ |
| a |
Ключевые слова |
банковские инвестиции |
| 610 |
Ключевые слова |
0_ |
| a |
Ключевые слова |
банковские кредиты |
| 610 |
Ключевые слова |
0_ |
| a |
Ключевые слова |
экономический потенциал банковской системы региона |
| 610 |
Ключевые слова |
0_ |
| a |
Ключевые слова |
экономическая география |
| 610 |
Ключевые слова |
0_ |
| a |
Ключевые слова |
кредитные организации |
| 610 |
Ключевые слова |
0_ |
| a |
Ключевые слова |
оценка эффективности |
| 686 |
Индексы других классификаций |
__ |
| a |
Классификационный индекс |
65.049(2) |
| 2 |
Код системы |
rubbk |
| 686 |
Индексы других классификаций |
__ |
| a |
Классификационный индекс |
65.9(2)262.2 |
| 2 |
Код системы |
rubbk |
| 700 |
Автор |
_1 |
| a |
Фамилия |
Орлов |
| b |
Имя |
С. Н. |
| g |
Полное личное имя |
Сергей Николаевич |
| 801 |
Источник записи |
_0 |
| a |
Страна |
RU |
| b |
Организация |
РУК |
| c |
Дата составления |
20041006 |
| g |
Правила каталогизации |
PSBO |
| 801 |
Источник записи |
_1 |
| a |
Страна |
RU |
| b |
Организация |
РУК |
| c |
Дата составления |
20041006 |
| g |
Правила каталогизации |
PSBO |
| 852 |
Данные о местонахождении |
__ |
| i |
Авторский знак |
О-66 |
| j |
Шифр хранения |
ББК 65.04 |
| 901 |
Тип документа |
__ |
| t |
Тип документа |
m |
| 938 |
Служебная информация |
__ |
| a |
Название организации |
Головной вуз |
| b |
Имя БД |
BOOK |
| c |
Название АИБС |
АИБС ИРБИС |